000 01237nam0a22002651 4500
001 rc\4754848
005 20130417094540.8
021 _aRU
_b[63-32165]
035 _a(NLR Aleph) 009013066
090 _a9380180
_c9380180
100 _a20130417d1963 |||y0rusy50 ca
101 0 _arus
102 _aRU
105 _ay z |||||
200 1 _aКожевенная промышленность Германской Демократической Республики
_eПо материалам отчета о командировке в Герм. Демократич. Республику
_fГос. ком. Совета Министров УССР по координации науч.-исслед. работ
210 _aКиев
_cИн-т техн. информации
_d1963
215 _a54 с.
_d20
300 _aПеред загл. авт.: Г.В. Ливый, канд. техн. наук
606 _aКожевенная промышленность
_yГерманская Демократическая Республика
_2psbo
700 1 _aЛивый
_bГ. В.
_gГригорий Викторович
801 0 _aRU
_bNLR
_gpsbo
801 1 _aRU
_bELAR
_2rusmarc
852 _aNLR
_j63-4/7956
942 _cBOOK
980 _aNB